Dějiny starověkého lidstva

Bibliographic Details
Main Author: Lányi, Karol, 1870-1949 (Author)
Format: Book
Language:Czech
PhysicalDescription:xvi, 730 strán 20 cm
Published: V Praze Kober [et] Markgraf 1860
Edition:Nové laciné vydání
Subjects:

MARC

LEADER 00000cam a2200000 4500
001 vtls001321481
003 SK-MaSNL
005 20260301005430.0
008 251112s1860 xr f 00100 cze
015 |a SNBHFA 
035 |a SNK000274139 
040 |a SNK  |b slo  |c SNK  |e rda 
041 0 |a cze 
044 |a xr  |c CZ 
072 7 |a 94(3)  |x Dejiny krajín starovekého sveta  |2 konspekt 
072 7 |a 316.7  |x Sociológia kultúry. Kultúrny život  |2 konspekt 
080 |a 94(3)  |2 2011 
080 |a 316.722(3)  |2 2011 
100 1 |a Lányi, Karol,  |d 1870-1949  |4 aut  |9 132429 
245 1 0 |a Dějiny starověkého lidstva  |c Sepsal Dr. Karel Lányi kněz Arcibiskupství Ostřihomského, člen c. k. uherské Akademie 
246 3 8 |a Lányiho Dejiny Starověkého Lidstva 
250 |a Nové laciné vydání 
264 1 |a V Praze  |b Kober [et] Markgraf  |c 1860 
300 |a xvi, 730 strán  |c 20 cm 
336 |a text  |b txt  |2 rdacontent 
337 |a bez média  |b n  |2 rdamedia 
338 |a zväzok  |b nc  |2 rdacarrier 
504 |a Register ; poznámky pod textom 
546 |a Český text  |b Antikva 
561 |a Rukopisný provenienčný záznam na titulnom liste: Cyrill Chorváth.  |5 SNK SC 106 D1 
561 |a Proveniencia: pečiatka Z knižnice Karola Soltésza.  |5 SNK SC 106 
561 |a Prov.: Peč.: Zemědělské knihkupectví a Neubert (antikvarní oddělení) - Obecná knižnica mesta Prešova - Štátna vedecká knižnica v Prešove  |5 SVKPO: A 15665 
563 |a Väzba: pôvodná, celoplátená s ornamentálnou slepotlačou.  |5 SNK SC 106 
563 |a Väzba: pôvodná, celoplátená.  |5 SNK SC 106 D1 
563 |a Väzba: previazaná, kartón, zelené plátno  |5 SVKPO: A 15665 
650 0 7 |a dejiny staroveku  |2 SNKPH  |9 71766 
650 0 7 |a staroveké civilizácie  |2 SNKPH  |9 1110 
700 1 |a Soltész, Karol  |4 fmo  |9 289718 
700 1 |a Chorvát, Cyril  |4 sgn  |9 289719 
710 2 |a Kober a Markgraf (Praha, Česko)  |4 pbl  |9 289720 
752 |a Česko  |d Praha 
852 |a SVKPO  |c Historické tlače  |p A 15665 
852 |a snk  |p SC 106 ; SC 106 D1 
958 |a ONDV 
958 |a DF 
999 |c 545159  |d 547089 
952 |a SNK  |b SNK  |y PREZ  |7 0  |p 17A0714028  |o snkSC 106  |i snk811/27  |0 0  |1 0  |4 0  |d 1998-02-19  |l 0  |r 2025-05-27 00:00:00  |w 2026-02-23 
952 |a SNK  |b SNK  |y PREZ  |7 0  |p 17A0122900  |o snkSC 106 D1  |i snkK 496/98  |8 3  |3 rekatalogizácia  |z Rok: 1860  |0 0  |1 0  |4 0  |d 1998-02-19  |l 0  |r 2005-01-02 00:00:00  |w 2026-02-23